The American Ephemeris and Nautical Almanac for the year 1980 (Record no. 6454)

MARC details
000 -LEADER
fixed length control field 00580nam a2200181Ia 4500
003 - CONTROL NUMBER IDENTIFIER
control field IN-BaIIA
005 - DATE AND TIME OF LATEST TRANSACTION
control field 20250729140435.0
008 - FIXED-LENGTH DATA ELEMENTS--GENERAL INFORMATION
fixed length control field 211028s9999 xx 000 0 eng d
040 ## - CATALOGING SOURCE
Transcribing agency IIA Library
080 ## - UNIVERSAL DECIMAL CLASSIFICATION NUMBER
Universal Decimal Classification number (059):52
Item number NAU-80
110 ## - MAIN ENTRY--CORPORATE NAME
Corporate name or jurisdiction name as entry element Her Majesty's Nautical Almanac Office
245 #4 - TITLE STATEMENT
Title The American Ephemeris and Nautical Almanac for the year 1980
Statement of responsibility, etc. Nautical Almanac Office
260 ## - PUBLICATION, DISTRIBUTION, ETC.
Place of publication, distribution, etc. Washington
Name of publisher, distributor, etc. U. S. Government Printing Office
Date of publication, distribution, etc. 1979
300 ## - PHYSICAL DESCRIPTION
Extent vii, 575p.
650 ## - SUBJECT ADDED ENTRY--TOPICAL TERM
Topical term or geographic name entry element Almanacs
650 ## - SUBJECT ADDED ENTRY--TOPICAL TERM
Topical term or geographic name entry element Ephemeris
942 ## - ADDED ENTRY ELEMENTS (KOHA)
Koha item type Books
Source of classification or shelving scheme Dewey Decimal Classification
Holdings
Withdrawn status Lost status Source of classification or shelving scheme Damaged status Not for loan Home library Current library Shelving location Date acquired Total Checkouts Full call number Barcode Date last seen Price effective from Koha item type Purchase Price
    Dewey Decimal Classification     IIA Library-Bangalore IIA Library-Kodaikanal General Stacks 25/02/1980   (059):52/ NAU-80 7186 05/11/2021 25/02/1980 Books  

Powered by Koha